000 00875cab a22001935a 4500
001 L142999
008 080401e20080320xxkao f 000 0 eng d
035 _a(Sirsi) u142999
041 0 _aeng
100 1 _aStothart, Chloe
245 0 0 _aSpecifier
_bhealthcare and education
_btoo cool for school?
260 _c2008
490 0 _aBuilding
_v273(8520) 20 March 2008, 70-71(2)
520 _aReports on the use of Interseasonal Heat Transfer (IHT) in the Howe Dell school and children's centre project. The demonstration project was commissioned by Hertfordshire council to test eco-friendly systems that could be used in other schools. Explains how IHT heats and cools the school, its suitability to large buildings, and its cost and other advantages.
590 _aKA
651 4 _aUnited Kingdom
_y
690 _aBUILT ENVIRONMENT-SUSTAINABLE CONSTRUCTION
942 _n0
999 _c80006
_d80006